Catálogo público

Mejora productiva y reproductiva en granja porcina de ciclo completo Agro Quil H4 / (Record no. 220873)

MARC details
000 -CABECERA
campo de control de longitud fija 03135nam a2200337 a 4500
003 - IDENTIFICADOR DEL NÚMERO DE CONTROL
campo de control OSt
005 - FECHA Y HORA DE LA ÚLTIMA TRANSACCIÓN
campo de control 20250926124747.0
007 - CAMPO FIJO DE DESCRIPCIÓN FÍSICA--INFORMACIÓN GENERAL
campo de control de longitud fija cr ||||||a|a|a
008 - DATOS DE LONGITUD FIJA--INFORMACIÓN GENERAL
campo de control de longitud fija 250828s2025 mx a|||fom||| 001 0 spa d
040 ## - FUENTE DE LA CATALOGACIÓN
Normas de descripción rda
100 1# - ENTRADA PRINCIPAL--NOMBRE DE PERSONA
Nombre de persona Tinoco TRujillo, Carmen
9 (RLIN) 191000
245 10 - MENCIÓN DE TÍTULO
Título Mejora productiva y reproductiva en granja porcina de ciclo completo Agro Quil H4 /
Mención de responsabilidad, etc. por Carmen Tinoco Trujillo; director de tesis Agustín Ruíz Flores; secretario Constantino Romero Márquez; vocal José Guadalupe Martínez Martínez; suplente Alejandro Lara Bueno; suplente Ricardo Emmanuel Martínez Rocha.
264 #1 - PRODUCCIÓN, PUBLICACIÓN, DISTRIBUCIÓN, FABRICACIÓN Y COPYRIGHT
Producción, publicación, distribución, fabricación y copyright Chapingo, México :
Nombre del de productor, editor, distribuidor, fabricante El autor,
Fecha de producción, publicación, distribución, fabricación o copyright 2025.
300 ## - DESCRIPCIÓN FÍSICA
Extensión 1 recurso en línea (72 páginas):
Otras características físicas cuadros, figuras.
336 ## - TIPO DE CONTENIDO
Fuente rdacontent
Término de tipo de contenido texto
Código de tipo de contenido txt
337 ## - TIPO DE MEDIO
Fuente rdamedia
Nombre/término del tipo de medio computadora
Código del tipo de medio c
338 ## - TIPO DE SOPORTE
Fuente rdacarrier
Nombre/término del tipo de soporte recurso en línea
Código del tipo de soporte cr
502 ## - NOTA DE TESIS
Tipo de título Ingeniero Agrónomo Especialista en Zootecnia
Nombre de la institución que otorga el título Departamento de Enseñanza, Investigación y Servicio en Zootecnia,
Año de obtención del título 2025.
Información miscelánea Licenciatura
504 ## - NOTA DE BIBLIOGRAFÍA, ETC.
Nota de bibliografía, etc. Incluye referencias bibliográficas: páginas 67-69.
520 ## - SUMARIO, ETC.
Sumario, etc. La granja porcina está en búsqueda constante de estrategias para mejorar la producción de carne porcina, a través de mejorar la eficiencia en la utilización de los insumos para la producción, tratando de obtener productos de la mejor calidad. El presente trabajo se divide en varias etapas: primero se realizó una evaluación exhaustiva del estado actual de instalaciones, equipo y prácticas de manejo, recopilando datos sobre diversos parámetros. Posteriormente, se diseñaron estrategias específicas para realizar mejoras, que incluyeron la modernización de instalaciones, prácticas de manejo más efectivas y la introducción de tecnologías innovadoras. La implementación de estas mejoras se realizó gradualmente y bajo supervisión, con un seguimiento constante de los cambios en los indicadores clave de producción. Después de la implementación, se evaluaron los resultados a través de la estimación de diversos parámetros productivos, como el aumento en la tasa de crecimiento de los cerdos, la reducción de enfermedades, el uso más eficiente de los recursos y la calidad de la carne producida. Finalmente, se proporcionan recomendaciones basadas en los resultados obtenidos para guiar futuras decisiones y mejoras en la granja porcina. Este proyecto buscó no solo aumentar la rentabilidad y sostenibilidad de la granja, sino también servir como un modelo para otras operaciones porcinas de producción semi-intensiva, contribuyendo al crecimiento y desarrollo de la industria porcina a nivel local y regional.
650 #4 - PUNTO DE ACCESO ADICIONAL DE MATERIA--TÉRMINO DE MATERIA
Término de materia o nombre geográfico como elemento de entrada Cerdos
Subdivisión general Producción
9 (RLIN) 141096
650 #4 - PUNTO DE ACCESO ADICIONAL DE MATERIA--TÉRMINO DE MATERIA
Término de materia o nombre geográfico como elemento de entrada Granjas porcinas
Subdivisión general Administración
9 (RLIN) 191270
650 #4 - PUNTO DE ACCESO ADICIONAL DE MATERIA--TÉRMINO DE MATERIA
Término de materia o nombre geográfico como elemento de entrada Calidad de la carne de cerdo
9 (RLIN) 185369
700 1# - PUNTO DE ACCESO ADICIONAL--NOMBRE DE PERSONA
Nombre de persona Ruiz Flores, Agustín
9 (RLIN) 100671
Término indicativo de función/relación director.
700 1# - PUNTO DE ACCESO ADICIONAL--NOMBRE DE PERSONA
Nombre de persona Romero Márquez, Constantino
9 (RLIN) 99621
Término indicativo de función/relación secretario.
700 1# - PUNTO DE ACCESO ADICIONAL--NOMBRE DE PERSONA
Nombre de persona Martínez Martínez, José Guadalupe
9 (RLIN) 126817
Término indicativo de función/relación vocal.
700 1# - PUNTO DE ACCESO ADICIONAL--NOMBRE DE PERSONA
Nombre de persona Lara Bueno, Alejandro
9 (RLIN) 64829
Término indicativo de función/relación suplente.
700 1# - PUNTO DE ACCESO ADICIONAL--NOMBRE DE PERSONA
Nombre de persona Martínez Rocha, Ricardo Emmanuel
9 (RLIN) 130393
Término indicativo de función/relación suplente.
856 ## - LOCALIZACIÓN Y ACCESO ELECTRÓNICOS
Nota pública DESCARGAR PDF
Identificador Uniforme del Recurso http://10.13.5.2/tesis/tl/1412519-6_TINOCO_TRUJILLO_CARMEN.pdf
942 ## - ELEMENTOS DE PUNTO DE ACCESO ADICIONAL (KOHA)
Fuente del sistema de clasificación o colocación Clasificación Universidad Autónoma Chapingo
Tipo de ítem Koha Tesis digital
Holdings
Estado de retiro Estado de pérdida Fuente del sistema de clasificación o colocación Estado dañado No para préstamo Código de colección Localización permanente Ubicación/localización actual Ubicación en estantería Fecha de adquisición Total de préstamos Signatura topográfica completa Fecha visto por última vez Precio válido a partir de Tipo de ítem Koha
    Clasificación Universidad Autónoma de Chapingo     Tesis digitales de Licenciatura Biblioteca Digital Biblioteca Digital En línea 28/08/2025   Tesis digital 28/08/2025 28/08/2025 Tesis digital